| 000 | 01709cam a2200205 4500 | ||
|---|---|---|---|
| 001 | ##L135276 | ||
| 008 | 061010n2006 000 0 eng u | ||
| 035 | _a(Sirsi) u135276 | ||
| 041 | 0 | _aeng | |
| 100 | 1 | _aMaxwell, Estelle | |
| 245 | 0 | 0 |
_aCommercial and residential property _ba guide for the private investor _b2006 |
| 260 | 3 |
_aLondon _bEstates Gazette Group _c2006 |
|
| 505 | 1 | _aWhat to buy -- Building your portfolio: how to plan a strategy for property acquisition -- How to read the market: tips for identifying growth areas -- Your financial strategy: making the right choices for your financial situation -- Getting a valuation: the role of valuation and factors affecting market value -- How to buy it -- Sourcing property: routes for purchase and why due diligence is important -- Tips for buying at auction: preparation ahead and etiquette in the room -- Funding a purchase: borrowing advice for buy-to-letters -- Tax-effective ownership: purchase through a pension plan and REITs -- How to be a property owner -- Legal duties: what commercial landlords need to know -- Planning ahead for tax: how not to get caught out by your tax obligations -- Basic property management: keep tenants happy and the rent paid on time -- Development potential: redevelopment, refurbishment and when to sell | |
| 520 | _aProduced by Allsop and Estates Gazette, concentrates on the issues surrounding owning property including how to manage it, how to improve it and what to do if things go wrong. | ||
| 590 | _aIKA171006 NTK | ||
| 651 | 4 |
_aUnited Kingdom _y |
|
| 690 | _aPROPERTY-INVESTMENT PROPERTY | ||
| 856 | 4 | 0 |
_uhttps://www.allsop.co.uk _zView the item free of charge at www.allsop.co.uk... |
| 942 | _n0 | ||
| 999 |
_c105977 _d105977 |
||